000 01016cam a2200313 a 4500
001 2953
005 20250825132527.0
020 _a9780064451543
040 _aDLC
_cDLC
_dDLC
_beng
050 0 0 _aQR57.B47
082 0 0 _a616.92
100 1 _aBerger, Melvin
245 1 0 _aGerms make me sick! /
_cby Melvin Berger ; illustrated by Marylin Hafner.
260 _aNew York :
_bHarperCollins,
_c1995
300 _a32 pages :
_bcolor illustrations ;
_c21 cm .
505 _aK
520 _aExplains how bacteria and viruses affect the human body and how the body fights them.
521 _a530
_bLexile
521 _aK
_bRaz-Plus
650 0 _aBacteria
_xJuvenile literature.
650 0 _aViruses
_xJuvenile literature.
650 0 _aBacterial diseases
_xJuvenile literature.
650 0 _aVirus diseases
_xJuvenile literature.
650 1 _aBacteria.
650 1 _aViruses.
700 1 _aHafner, Marylin
_eillustrator
906 _a7
_bcbc
_corignew
_d1
_eocip
_f19
_gy-gencatlg
942 _2ddc
_cBK
_n0
999 _c2953
_d2953